MARC

LEADER 00000nam0a2200000 4500
001 280111
005 20231101235256.0
035 |a (RuTPU)RU\TPU\book\303420 
090 |a 280111 
100 |a 20141225d1985 k y0rusy50 ca 
101 0 |a rus 
102 |a RU 
105 |a a z 001zy 
200 1 |a Оптические стандарты времени и частоты  |e сборник научных трудов  |f Академия наук СССР (АН СССР), Сибирское отделение (СО), Институт теплофизики (ИТ) ; под ред. В. П. Чеботаева 
210 |a Новосибирск  |c Изд-во Ин-та теплофизики СО АН СССР  |d 1985 
215 |a 142 с.  |c ил. 
320 |a Библиография в конце статей 
606 1 |a Генераторы электростатические  |x Радиотехника  |2 stltpush  |3 (RuTPU)RU\TPU\subj\38522  |9 59002 
610 1 |a квантовая электроника 
610 1 |a лазеры 
610 1 |a время 
610 1 |a частоты 
610 1 |a оптические стандарты 
610 1 |a стабильность 
610 1 |a резонансы 
610 1 |a использование 
675 |a 621.373.8  |v 4 
702 1 |a Чеботаев  |b В. П.  |4 340 
712 0 2 |a Академия наук СССР (АН СССР)  |b Сибирское отделение (СО)  |b Институт теплофизики (ИТ)  |c (Новосибирск)  |2 stltpush  |3 (RuTPU)RU\TPU\col\11307 
801 1 |a RU  |b 63413507  |c 20141225 
801 2 |a RU  |b 63413507  |c 20170426  |g RCR 
942 |c BK